Economía para nuestro tiempo /

Shranjeno v:
Bibliografske podrobnosti
Glavni avtor: Roque Villanueva, Humberto (autor)
Format: Knjiga
Jezik:španščina
Izdano: México : Congreso de la Unión, Cámara de Senadores, LVIII Legislatura, 2002, c2002
Serija:(Legisladores ; 8)
Teme:
Oznake: Označite
Brez oznak, prvi označite!

MARC

LEADER 00000nam^a2200000^a^4500
001 000183791
005 20250521000000.0
009 20260310102051.619
037 |a Acervo ITESO - Biblioteca 
041 |a ESP 
082 |a 330. 972  |b ROQ 
100 |a Roque Villanueva, Humberto  |e (autor) 
245 1 0 |a Economía para nuestro tiempo /  |c H. Roque Villanueva. 
264 4 |a México :  |b Congreso de la Unión, Cámara de Senadores, LVIII Legislatura,  |c 2002, c2002 
300 |a 158 p. 
336 |a texto  |b txt  |2 rdacontenido 
337 |a sin mediación  |b n  |2 rdamedio 
338 |a volumen  |b nc  |2 rdasoporte 
440 1 |a (Legisladores ;  |v 8) 
649 |a XX 
650 |a Análisis Económico -  |z México 
650 |a Política Económica -  |z México -  |x Historia -  |y Siglo XX 
650 |a Política Fiscal -  |z México -  |x Historia -  |y Siglo XX 
650 |a Estabilidad Económica -  |z México -  |x Historia -  |y Siglo XX 
650 |a Desarrollo Económico-Social -  |z México -  |x Historia -  |y Siglo XX 
650 |a Economía -  |z México -  |x Historia -  |y Siglo XX 
910 |a Fondo General 
920 |a Impresos - Libros 
930 |a Colección General 
905 |a 101 
901 |a 0500124569  |b IT1  |c ACC  |u 20250521 
902 |a https://opac.biblio.iteso.mx/vufind/Record/000183791